000
00307nam a2200133Ia 4500
008
220216s9999 xx 000 0 und d
100
_a
Lewis T R G
245
0
_a
Abrasion tests on rubber
260
_b
IRI Transactions
_c
1946
300
_a
375-390
650
_a
Abrasion
650
_a
Rubber
942
_c
JS
999
_c
53714
_d
53714